000 00305nam a2200133 i 4500
001 bg
245 0 _aZbiór przykładów obliczania konstrukcji stalowych.
250 _aWyd.3.
260 _aKraków,
_c1988.
040 _cBPK
041 _apol
942 _cKS
008 s pl f |000 0 pol
999 _c3875
_d3875
856 _uhttp://koha.tu.koszalin.pl/cgi-bin/koha/opac-detail.pl?biblionumber=3875
_yKatalog online BPK